The one flesh covenant: (Record no. 5923)
[ view plain ]
| 000 -LEADER | |
|---|---|
| fixed length control field | 00751nam a2200181Ia 4500 |
| 003 - CONTROL NUMBER IDENTIFIER | |
| control field | GBCCL |
| 005 - DATE AND TIME OF LATEST TRANSACTION | |
| control field | 20241126110552.0 |
| 008 - FIXED-LENGTH DATA ELEMENTS--GENERAL INFORMATION | |
| fixed length control field | 180417b ||||| |||| 00| 0 eng d |
| 040 ## - CATALOGING SOURCE | |
| Transcribing agency | gbc |
| 082 ## - DEWEY DECIMAL CLASSIFICATION NUMBER | |
| Classification number | 248.844 |
| Item number | THE |
| 100 ## - MAIN ENTRY--PERSONAL NAME | |
| Personal name | Theophanie, S. T. |
| 9 (RLIN) | 10722 |
| 245 ## - TITLE STATEMENT | |
| Title | The one flesh covenant: |
| Remainder of title | A Biblical guide to marriage, divorce, separation and reconciliation / |
| Statement of responsibility, etc. | S. T. Theophanie |
| 300 ## - PHYSICAL DESCRIPTION | |
| Extent | 69 p.; |
| Dimensions | 19 cm. |
| 505 ## - FORMATTED CONTENTS NOTE | |
| Formatted contents note | Law, grace, and obedience to faith --<br/>Marriage and divorce --<br/>Separation --<br/>Procreation --<br/>Repentance, forgiveness, and reconciliation through God's grace --<br/>Consolation --<br/>Admonition --<br/>Clarifications. |
| 650 ## - SUBJECT ADDED ENTRY--TOPICAL TERM | |
| Topical term or geographic name entry element | Marriage |
| Form subdivision | Biblical teaching |
| 9 (RLIN) | 10723 |
| 650 ## - SUBJECT ADDED ENTRY--TOPICAL TERM | |
| Topical term or geographic name entry element | Divorce |
| Form subdivision | Biblical teaching |
| 9 (RLIN) | 10724 |
| 942 ## - ADDED ENTRY ELEMENTS (KOHA) | |
| Source of classification or shelving scheme | Dewey Decimal Classification |
| Koha item type | Books |
| Koha issues (borrowed), all copies | 5 |
| Withdrawn status | Lost status | Source of classification or shelving scheme | Damaged status | Not for loan | Home library | Current Library | Shelving location | Date acquired | Total checkouts | Full call number | Barcode | Date last seen | Date last checked out | Copy number | Price effective from | Koha item type |
|---|---|---|---|---|---|---|---|---|---|---|---|---|---|---|---|---|
| Dewey Decimal Classification | GRACE BIBLE COLLEGE | GRACE BIBLE COLLEGE | Ministry & Mission | 2018-04-18 | 6 | 248.844 THE | 005239 | 2025-10-03 | 2025-09-26 | c.1 | 2018-04-18 | Books |